đŸŽ¶ Paroles "La peine maximum" (les 10 commandements) - Statistiques

Statistiques générales
  • Ce quiz a Ă©tĂ© pris 65 fois
  • Le rĂ©sultat moyen est 185 sur 210
Statistiques - réponses
Mots % Correct
a
100%
Ă 
100%
C'
100%
d'
100%
de
100%
Est
100%
est
100%
Et
100%
ma
100%
me
100%
n'
100%
pour
100%
Pour
100%
qu'
100%
que
100%
un
100%
Un
100%
ĂȘtre
97%
homme
97%
l'
97%
le
97%
Mais
97%
maximum
97%
Maximum
97%
peine
97%
amour
94%
Dieu
94%
il
94%
jour
94%
pardonne
94%
la
88%
on
88%
puisqu'
88%
rĂȘve
88%
se
88%
inaccessible,
85%
ne
85%
puisque
85%
Puisque
85%
trop
85%
Une
85%
Dans
82%
lourd
82%
Si
82%
si
82%
libre
79%
nous
79%
prison
79%
qui
79%
Qui
79%
seul
79%
désert
76%
faut
76%
OĂč
74%
reste
74%
debout
71%
genoux
71%
vivre
71%
ciel
68%
horizon
68%
nos
68%
notre
68%
sans
68%
poussiĂšre
65%
terre
65%
dont
62%
peu
62%
MĂȘme
59%
souffrir
59%
lumiĂšre
56%
mettre
56%
pourquoi
56%
ici
53%
survivre
53%
vouloir
53%
perdent
50%
regard
50%
appels
47%
espoir
44%
regarde
41%
croire
35%
entoure
32%
Devant
29%
recours
29%
égare
24%
Aucun quiz correspondant
Distribution des résultats
% des personnes avec chaque résultat
Percentile par nombre de réponses
Votre historique - résultats
Vous n’avez pas pris ce quiz